| 000 | 00835cam a2200241 4500 | ||
|---|---|---|---|
| 001 | 000416783 | ||
| 003 | AM-YeHGA | ||
| 005 | 20250617133006.0 | ||
| 008 | 690715s1969 nyu||||||bd|||001|0|eng|d | ||
| 040 | _aAM-YeHGA | ||
| 041 | 0 | _aeng | |
| 245 | 0 | 0 |
_aEncyclopedia of educational research : _bA project of the American Educational Research Association / _cEd. : Robert L. Ebel ; Associate ed.: Victor H. Noll, Editorial assistant : Roger M. Bauer. |
| 250 | _a4th ed. | ||
| 260 |
_aLondon : _bMacmillan, _c1969. |
||
| 300 | _axliv, 1522 p. | ||
| 500 | _aIndex (p.xxxi - xliv) bound in between p. 770-771 | ||
| 504 | _aIncludes bibliogr. | ||
| 650 | 0 |
_aEducation _xDictionaries |
|
| 650 | 0 |
_aEducation _xBibliography |
|
| 700 | 1 |
_aEbel, Robert L., _eedt |
|
| 710 | 2 | _aAmerican Educational Research Association | |
| 090 | _c160392 | ||
| 999 |
_c158988 _d158988 |
||